00724nam a2200241 a 4500001001300000003000900013005001700022008004100039020000900080082001600089100003000105245004400135260004000179300000900219500003500228505002400263650001800287700003000305902000800335942000700343952011500350999001700465nice12345678IN_TiNIC20260116013922.0050524s1987 dela grp 000 0 urd  ac2500a922.97bDIS aDisanwi, Syed Shahabuddin aShibli, Maanidana Tanqeed Ki Roshni Men aDelhibAnjuman Taraqqi-E-Urduc1987 a147p aincludes index and biblioraphy2 abibliography, index aShibli Nomani1 aDisanwi, Syed Shahabuddin bSRS cBK 001040708StackRoom-aHMIbHMId2007-06-06g25.00l0o922.97 DISp017240r2007-06-06v25.00w2005-05-24yBK c13106d13106